Turksprachen - Statistiken

Allgemein
  • Dieses Quiz wurde 83 mal gespielt
  • Das Durchschnittsergebnis liegt bei 7 aus 17
Antwortstatistiken
Antwort % Korrekt
Türkisch
96%
Turkmenisch
84%
Usbekisch
78%
Kirgisisch
75%
Kasachisch
74%
Aserbaidschanisch
58%
Tatarisch
41%
Uigurisch
37%
Baschkirisch
19%
Krimtatarisch
19%
Gagausisch
16%
Jakutisch
15%
Altaisch
14%
Tschuwaschisch
14%
Nogaisch
10%
Balkarisch
7%
Karatschaiisch
5%
Keine übereinstimmenden Quizze gefunden
Verteilung der Resultate
Anzahl Personen mit jedem Resultat
Perzentil nach korrekt beantworteten Fragen
Ihre Resultats-Entwicklung
Sie haben dieses Quiz noch nicht gespielt